000 00308nam a22001337a 4500
008 170619b xxu||||| |||| 00| 0 eng d
020 _a9781588260789
041 _aeng
080 _a34
100 _a15
101 _aSHJ
245 _aSANCTIONS AND THE SEARCH FOR SECURITY
_cCORTRIGHT,D
942 _2udc
_cBK
999 _c17999
_d17999